Actividad de divulgación. Exposición para estudiantes de sociología: Las encuestas de hogares como fuente para la investigación social. Cambios en la estructura social y laboral urbana en los años 90

Đã lưu trong:
Chi tiết về thư mục
Tác giả của công ty: Universidad de Costa Rica. Facultad de Ciencias Sociales. Instituto de Investigaciones Sociales
Định dạng: Texto
Được phát hành: San José: UCR. FCS. IIS
Các nhãn: Thêm thẻ
Không có thẻ, Là người đầu tiên thẻ bản ghi này!

MARC

LEADER 00000 a a2200000 04500
001 27801
003
040 |a CRAI/IIS  |c CRAI/IIS 
090 |a 190400  
110 |a Universidad de Costa Rica. Facultad de Ciencias Sociales. Instituto de Investigaciones Sociales  
245 |a Actividad de divulgación. Exposición para estudiantes de sociología: Las encuestas de hogares como fuente para la investigación social. Cambios en la estructura social y laboral urbana en los años 90  
260 |a San José:   |b UCR. FCS. IIS  
300 |a 15 p  
999 |c 7185  |d 7185